000 00592nam a2200157 a 4500
001 000030187
005 20200930060121.0
008 110504s1981 dr c 000 0 spa d
040 _aDO-SdBNP
_bspa
_cBNPHU
082 _axxx
_bP441m
100 1 _aPeriche Vidal, Fernándo
_955307
245 1 0 _aMensaje de despedida del ing. Fernando Periche Vidal en el acto de toma de posesión del nuevo administrador general de la C. D. E. Lic. José E. Florentino R.
260 _aSanto Domingo :
_bCorporación Dominicana de Electricidad,
_c1981.
300 _a[14 p.] :
_bretr. ;
_c23 cm.
049 _aBNPD
999 _c29679
_d29679